El hombre nuevo

Guardat en:
Dades bibliogràfiques
Autors principals: Roguinski, Iakov (Autor), Leontiev, Aleksei Nikolaevich (Autor), Kosik, Karel (Autor), Agosti, Héctor F (Autor), Nachin, Claude (Autor)
Altres autors: Luria, Aleksander Romanovich (autor)
Format: Llibre
Idioma:espanyol
Publicat: Barcelona Martínez Roca 1971
Edició:2a. ed
Col·lecció:Novocurso
Matèries:
Etiquetes: Afegir etiqueta
Sense etiquetes, Sigues el primer a etiquetar aquest registre!

MARC

LEADER 00000nam a2200000 a 4500
001 UCT5972
003 CL-VaPUC
008 961223e19710500SP |||||||||||||||||spa|d
082 0 4 |a 146.32  |b ROG  |2 21 
100 0 |a Roguinski, Iakov  |e author  |9 375627 
700 |a Luria, Aleksander Romanovich  |e autor  |9 549746 
700 |a Leontiev, Aleksei Nikolaevich  |e author  |9 543485 
700 |a Kosik, Karel  |e author  |9 536047 
700 0 |a Agosti, Héctor F  |e author  |9 375631 
700 0 |a Nachin, Claude  |e author  |9 375632 
245 1 3 |a El hombre nuevo 
250 |a 2a. ed 
300 |a 158 p 
942 |c BK 
945 |d 19961223 00:00:00  |a paguirre 
260 |a Barcelona  |b Martínez Roca  |c 1971 
650 0 |a Materialismo  |9 265687 
650 7 |a MARXISMO  |2 CL-VaPUC  |9 375633 
650 0 |a Doctrinas filosóficas   |9 358827 
650 0 |a Antropología filosófica  |9 265842 
650 0 |a Seres humanos  |9 313276 
583 |a last modification  |c 19961223 00:00:00  |k Rodrigo Vera 
490 0 |a Novocurso 
999 |c 254738  |d 254736 
952 |0 0  |1 0  |4 0  |6 146_320000000000000_ROG_1971  |7 0  |8 A  |9 276607  |a BIBDER  |b BIBDER  |d 2019-11-19  |i 1799584  |o 146.32 ROG 1971  |p 1799584  |r 2023-01-25  |w 2019-11-19  |y BK  |k DER